Statistiques concernant Filmographie de Straub & Huillet

Cliquez ici pour prendre le quiz!

Statistiques générales

  • Ce quiz a été pris 4 fois
  • Le résultat moyen est 18 sur 53

Statistiques - réponses

FilmÉcrivainsLanguesPays de tournage% Correct
AntigoneSophocle, Bertolt BrechtallemandItalie
100%
Cézanne, dialogue avec Joachim GasquetPaul Cézanne, Joachim Gasquet, Jean RenoirfrançaisFrance, Royaume-Uni, Suisse
75%
Chronique d'Anna Magdalena BachJohann Sebastian Bach, Danièle Huillet, Jean-Marie Straubdialogue en allemand,
commentaire en allemand, anglais, français, italien ou néerlandais
Allemagne
75%
KommunistenAndré Malraux, Elio Vittorini, Mahmoud Hussein, Franco Fortini, Friedrich Hölderlinfrançais, italien, allemandSuisse
75%
La France contre les robotsGeorges BernanosfrançaisSuisse
75%
La Mort d'EmpédocleFriedrich HölderlinallemandItalie
75%
Les yeux ne veulent pas en tout temps se fermerPierre CorneillefrançaisItalie
75%
Moïse et AaronArnold SchönbergallemandItalie, Égypte
75%
Non réconciliésHeinrich BöllallemandAllemagne
75%
Sicilia !Elio VittoriniitalienItalie
75%
Trop tôt, trop tardFriedrich Engels, Mahmoud Husseincommentaire en allemand, anglais, français ou italienFrance, Égypte
75%
Une visite au LouvrePaul Cézanne, Joachim GasquetfrançaisFrance
75%
Ces rencontres avec euxCesare PaveseitalienItalie
50%
De la nuée à la résistanceCesare PaveseitalienItalie
50%
Du jour au lendemainGertrud SchönbergallemandAllemagne
50%
En rachâchantMarguerite DurasfrançaisFrance
50%
Fortini/CaniFranco FortiniitalienItalie
50%
Introduction à la « Musique d'accompagnement pour une scène de film » d'Arnold ShoenbergBertolt Brecht, Arnold SchönbergallemandAllemagne, Italie
50%
Leçons d'histoireBertolt BrechtallemandItalie
50%
Lothringen !Maurice BarrèsfrançaisFrance
50%
Machorka-MuffHeinrich BöllallemandAllemagne
50%
Ouvriers, paysansElio VittoriniitalienItalie
50%
Amerika, rapports de classeFranz KafkaallemandAllemagne, États-Unis
25%
À propos de VeniseMaurice BarrèsfrançaisFrance
25%
Dialogue d'ombresGeorges BernanosfrançaisFrance
25%
Gens du lacJanine MassardfrançaisSuisse
25%
HumiliésElio VittoriniitalienItalie
25%
La Guerre d'Algérie !Jean SandrettofrançaisFrance
25%
Le Genou d'ArtémideCesare PaveseitalienItalie
25%
Le RémouleurElio VittoriniitalienItalie
25%
Le Retour du fils prodigueElio VittoriniitalienItalie
25%
L'InconsolableCesare PaveseitalienItalie
25%
Noir péchéFriedrich HölderlinallemandItalie
25%
Où en êtes-vous, Jean-Marie Straub ?françaisSuisse
25%
Toute révolution est un coup de désStéphane MallarméfrançaisFrance
25%
Chacals et arabesFranz KafkaallemandFrance
0%
Corneille-BrechtPierre Corneille, Bertolt Brechtfrançais, allemandFrance
0%
Europa 2005 - 27 octobresilenceFrance
0%
IncantatiTorquato TassoitalienItalie
0%
In omaggio all'arte italiana !Bertolt Brechtallemand
0%
Itinéraire de Jean BricardJean-Yves PetiteaufrançaisFrance
0%
Joachim GattiJean-Jacques RousseaufrançaisFrance
0%
La MadreCesare PaveseitalienItalie
0%
La Mort de VeniseMaurice Barrès, Jacques-Bénigne Bossuet, Jean Renoir, Jean-Marie StraubfrançaisFrance
0%
L'Aquarium et la NationAndré Malraux, Jean RenoirfrançaisFrance
0%
Le ChemineauElio VittoriniitalienItalie
0%
Le Fiancé, la Comédienne et le MaquereauFerdinand Bruckner, Juan de la Cruz, Helmut FärberallemandAllemagne
0%
Le Streghe, femmes entre ellesCesare PaveseitalienItalie
0%
O somma luceDante AlighieriitalienItalie
0%
Pour RenatoPierre CorneillefrançaisItalie
0%
Proposta in quattro partiDavid Wark Griffith, Arnold Schönberg, Franco Fortini, Cesare Pavesedialogues en allemand et italien,
intertitres en anglais
0%
Un conte de Michel de MontaigneMichel de MontaignefrançaisFrance
0%
Un héritierMaurice BarrèsfrançaisFrance
0%

Distribution des résultats

Percentile par nombre de réponses

% des personnes avec chaque résultat

Votre développement - résultats

Vous n’avez pas pris ce quiz